Normal view
MARC view
- James H. Earle
Entry Personal Name
001 - CONTROL NUMBER
- control field: 100304
003 - CONTROL NUMBER IDENTIFIER
- control field: NUST
005 - DATE AND TIME OF LATEST TRANSACTION
- control field: 20221014112627.0
008 - FIXED-LENGTH DATA ELEMENTS
- fixed length control field: 221014|| aca||aabn | a|a d
040 ## - CATALOGING SOURCE
- Original cataloging agency: NUST
- Transcribing agency: NUST
100 ## - HEADING--PERSONAL NAME
- Personal name: James H. Earle
670 ## - SOURCE DATA FOUND
- Source citation: Work cat.: (NUST)182703: James H. Earle, Graphics for Engnieeris Auto CAD Release 11 /, 1985
